000 00650cam a2200205 a 4500
020 _a1886693099
040 _cTKN
082 0 0 _a613 EVE 1996 A043 Or.
100 1 _aMeeks, Linda Brower.
245 1 0 _aComprehensive school health education :
_btotally awesome strategies for teaching health /
250 _a2nd ed.
260 _aChicago, IL :
_bEveryday Learning Corp.,
_cc1996.
300 _axxvi, 835 p. :
_bill. ;
_c28 cm.
500 _a"Meeks Heit Publishing Company"--Cover p. 1.
650 0 _aHealth education (Secondary)
650 0 _aHealth education (Elementary)
700 1 _aHeit, Philip.
700 1 _aPage, Randy M.
942 _cEK
999 _c12626
_d12626